00465nam a2200109Ia 4500008004100000020001800041100003900059245015600098260002700254650002200281856005200303171212s9999 xx 000 0 und d a9780833081803 aBruce, James B.;Jameson, W. George cBruce, James B.;Jameson, W. GeorgeaFixing LeaksbAssessing the Department of Defense’s Approach to Preventing and Deterring Unauthorized Disclosures bRAND Corporationc2013 aPolitical Science uhttp://www.jstor.org/stable/10.7249/j.ctt5hhtxb